Los municipios bonaerenses y sus organismos con legitimación colectiva para accionar (Registro nro. 2211)
[ vista simple ]
| 000 -LEADER | |
|---|---|
| fixed length control field | 01238 a2200229 4500 |
| 001 - CONTROL NUMBER | |
| control field | 31691 |
| 005 - DATE AND TIME OF LATEST TRANSACTION | |
| control field | 20260407155620.0 |
| 008 - FIXED-LENGTH DATA ELEMENTS--GENERAL INFORMATION | |
| fixed length control field | 260407a2013 arg spa d |
| 003 - CONTROL NUMBER IDENTIFIER | |
| control field | AR-UNSa-BCEJYS |
| 040 ## - CATALOGING SOURCE | |
| Original cataloging agency | AR-UNSa-BCEJYS |
| Language of cataloging | spa |
| Transcribing agency | AR-UNSa-BCEJYS |
| 080 ## - UNIVERSAL DECIMAL CLASSIFICATION NUMBER | |
| Universal Decimal Classification number | 352 |
| Common auxiliary subdivision | Niveles inferiores de la administración. Gobierno local. Administración municipal. Autoridades locales<br/> |
| 020 ## - INTERNATIONAL STANDARD BOOK NUMBER | |
| International Standard Book Number | 978-987-1313-96-9 |
| 041 ## - LANGUAGE CODE | |
| Language code of text/sound track or separate title | spa |
| 100 1# - MAIN ENTRY--PERSONAL NAME | |
| Personal name | Szelagowski, Carolina |
| 245 10 - TITLE STATEMENT | |
| Title | Los municipios bonaerenses y sus organismos con legitimación colectiva para accionar |
| 264 #1 - PRODUCTION, PUBLICATION, DISTRIBUTION, MANUFACTURE, AND COPYRIGHT NOTICE | |
| Place of production, publication, distribution, manufacture | Buenos Aires : |
| Name of producer, publisher, distributor, manufacturer | Ediciones Rap |
| Date of production, publication, distribution, manufacture, or copyright notice | 2013 |
| 300 ## - PHYSICAL DESCRIPTION | |
| Extent | 121 p. |
| Dimensions | 20 cm. |
| 505 ## - FORMATTED CONTENTS NOTE | |
| Formatted contents note | 1. Las pretensiones colectivas: una premisa con respuestas incompletas - 2. El vínculo directo con los intereses protegidos y la autorización constitucional o legal para accionar - 3. La administración municipal como representante natural de la demanda social - 4. La administración municipal como legitimidad colectivo - |
| 590 ## - LOCAL NOTE (RLIN) | |
| Local note | niveau_biblio:m niveau_hierar:0 |
| 856 41 - ELECTRONIC LOCATION AND ACCESS | |
| Uniform Resource Identifier | <a href="https://biblioeco.unsa.edu.ar/pmb/images/libros/Los municipio bonaerenses y sus organismos con legitimacion colectiva para accionar-l125120.jpg">https://biblioeco.unsa.edu.ar/pmb/images/libros/Los municipio bonaerenses y sus organismos con legitimacion colectiva para accionar-l125120.jpg</a> |
| Link text | Imagen de portada |
| Electronic format type | image/jpeg |
| 942 ## - ADDED ENTRY ELEMENTS (KOHA) | |
| Koha item type | |
| Withdrawn status | Lost status | Damaged status | Not for loan | Home library | Current library | Shelving location | Date acquired | Total checkouts | Full call number | Barcode | Date last seen | Price effective from | Koha item type |
|---|---|---|---|---|---|---|---|---|---|---|---|---|---|
| Biblioteca Prof. Eusebio Cleto del Rey | Biblioteca Prof. Eusebio Cleto del Rey | 07/04/2026 | 352 S997 | L125120 | 07/04/2026 | 07/04/2026 | Libro |